Grille de pilotes de f1 2024 - Statistiques

Statistiques générales
  • Ce quiz a été pris 29 fois
  • Le résultat moyen est 16 sur 20
Statistiques - réponses
écuries Pilots % Correct
Mercedes Lewis Hamilton
96%
Red Bull Max Verstappen
96%
Ferrari Charles Leclerc
92%
McLaren Oscar Piastri
92%
Alpine Pierre Gasly
92%
Red Bull Sergio Pérez
92%
Ferrari Carlos Sainz
88%
McLaren Lando Norris
88%
Alpine Esteban Ocon
85%
Aston Martin Lance Stroll
85%
Aston Martin Fernando Alonso
81%
Racing Bulls Yuki Tsunoda
81%
Williams Alexander Albon
77%
Mercedes George Russell
77%
Haas Nico Hülkenberg
77%
Haas Kevin Magnussen
69%
Racing Bulls Daniel Ricciardo
65%
Sauber Valtteri Bottas
62%
Williams Logan Sargeant
50%
Sauber Zhou Guanyu
27%
Aucun quiz correspondant
Distribution des résultats
% des personnes avec chaque résultat
Percentile par nombre de réponses
Votre historique - résultats
Vous n’avez pas pris ce quiz